| 000 | 00497nam a22001817a 4500 | ||
|---|---|---|---|
| 005 | 20250704143920.0 | ||
| 010 | _aENG-145698 | ||
| 020 |
_a9789349042063 _c150.00 |
||
| 035 | _aEN-129230 | ||
| 037 | _bDBAD | ||
| 082 |
_aN _21 |
||
| 100 |
_aKafka, Franz _982600 |
||
| 245 |
_aThe Metamarphosis/ _cFranz Kafka |
||
| 260 |
_aChandigarh _bThe Browser _c2025 |
||
| 270 |
_bChandigarh _aSCO 14-15, Sector 8-C _e160009 _mservice@thebrowser.org |
||
| 300 |
_a54p. _c20cm(pb) |
||
| 942 |
_2ddc _cEN _hN _mKAF |
||
| 999 |
_c212097 _d212097 |
||